Cinco relatos insólitos / (Registro nro. 15589)
[ vista simple ]
| 000 -LEADER | |
|---|---|
| fixed length control field | 01250nam a22002897a 4500 |
| 003 - CONTROL NUMBER IDENTIFIER | |
| control field | OSt |
| 005 - DATE AND TIME OF LATEST TRANSACTION | |
| control field | 20250820143721.0 |
| 008 - FIXED-LENGTH DATA ELEMENTS--GENERAL INFORMATION | |
| fixed length control field | 210914b2008 ck ||||er|||| 00| j spa d |
| 020 ## - INTERNATIONAL STANDARD BOOK NUMBER | |
| International Standard Book Number | 9789588471051 |
| 040 ## - CATALOGING SOURCE | |
| Original cataloging agency | CO-JMCR |
| Transcribing agency | CO-JMCR |
| 041 1# - LANGUAGE CODE | |
| Language code of text/sound track or separate title | spa |
| Language code of original | eng |
| 082 04 - DEWEY DECIMAL CLASSIFICATION NUMBER | |
| Classification number | A-C |
| Item number | HOWc |
| Edition number | 23 |
| 100 1# - MAIN ENTRY--PERSONAL NAME | |
| Personal name | Phillips Lovecraft, Howard, |
| Relator term | autor |
| 9 (RLIN) | 40367 |
| 245 14 - TITLE STATEMENT | |
| Title | Cinco relatos insólitos / |
| Statement of responsibility, etc. | Howard Phillips Lovecraft ; traducción del inglés por Catalina Holguín ; selección y nota introductoria de Julio Paredes Castro |
| 260 ## - PUBLICATION, DISTRIBUTION, ETC. | |
| Place of publication, distribution, etc. | Bogotá : |
| Name of publisher, distributor, etc. | Alcaldía Mayor de Bogotá : Secretaria de Cultura, Recreación y Deporte, |
| Date of publication, distribution, etc. | 2008 |
| 300 ## - PHYSICAL DESCRIPTION | |
| Extent | 111 páginas ; |
| Dimensions | 17 cm. |
| 490 0# - SERIES STATEMENT | |
| Series statement | Libro al viento ; |
| Volume/sequential designation | 53 |
| 505 0# - FORMATTED CONTENTS NOTE | |
| Formatted contents note | La música de Erich Zann -- La declaración de Randolph Carter -- Dagón -- El color que vino del espacio -- El árbol |
| 546 ## - LANGUAGE NOTE | |
| Language note | Traducido del inglés. |
| 650 14 - SUBJECT ADDED ENTRY--TOPICAL TERM | |
| Topical term or geographic name entry element | Cuentos estadounidenses |
| Chronological subdivision | Siglo XX |
| 9 (RLIN) | 9718 |
| 650 24 - SUBJECT ADDED ENTRY--TOPICAL TERM | |
| Topical term or geographic name entry element | Literatura estadounidense |
| Chronological subdivision | Siglo XX |
| 9 (RLIN) | 13472 |
| 650 24 - SUBJECT ADDED ENTRY--TOPICAL TERM | |
| Topical term or geographic name entry element | Terror en la literatura |
| 9 (RLIN) | 13931 |
| 650 24 - SUBJECT ADDED ENTRY--TOPICAL TERM | |
| Topical term or geographic name entry element | Fantasmas en la literatura |
| 9 (RLIN) | 2083 |
| 700 1# - ADDED ENTRY--PERSONAL NAME | |
| Personal name | Holguín, Catalina, |
| Relator term | traductora |
| 9 (RLIN) | 40368 |
| 700 1# - ADDED ENTRY--PERSONAL NAME | |
| Personal name | Paredes Castro, Julio, |
| Relator term | autor de selección y nota introductoria |
| 9 (RLIN) | 14038 |
| 942 ## - ADDED ENTRY ELEMENTS (KOHA) | |
| Source of classification or shelving scheme | Dewey Decimal Classification |
| Koha item type | Books |
| Withdrawn status | Lost status | Source of classification or shelving scheme | Damaged status | Not for loan | Collection code | Home library | Current library | Date acquired | Source of acquisition | Total Checkouts | Full call number | Barcode | Date last seen | Date last checked out | Copy number | Price effective from | Koha item type |
|---|---|---|---|---|---|---|---|---|---|---|---|---|---|---|---|---|---|
| Dewey Decimal Classification | Fiction | Biblioteca Pública José María del Castillo y Rada | Biblioteca Pública José María del Castillo y Rada | 08/04/2021 | Donación | 4 | A-C HOWc | 201811066 | 02/20/2024 | 02/20/2024 | Ej.1 | 09/14/2021 | Books |